[Event "GBR-ch blitz (Women)"]
[Site "Birmingham"]
[Date "2019.11.16"]
[Round "1"]
[White "Milewska, Agnieszka"]
[Black "Orlovska, Madara"]
[Result "0-1"]
[WhiteElo "1677"]
[BlackElo "2094"]
[PlyCount "44"]
[EventDate "2019.11.16"]
[EventType "tourn (blitz)"]
[EventRounds "15"]
[EventCountry "ENG"]
[SourceTitle "BritBase"]
[Source "John Saunders"]
[SourceDate "2024.03.28"]
[SourceVersion "1"]
[SourceVersionDate "2024.03.28"]
[SourceQuality "1"]

1. d4 f5 2. c4 Nf6 3. Nc3 g6 4. Bg5 Bg7 5. e3 O-O 6. Nf3 d6 7. g3 Nc6 8. Bg2 h6
9. Bxf6 Bxf6 10. O-O Bg7 11. d5 Ne5 12. Nxe5 dxe5 13. e4 f4 14. f3 fxg3 15.
hxg3 h5 16. Kf2 Qd6 17. Qd2 Kh7 18. Rh1 Bh6 19. Qd3 Qb6+ 20. Ke2 Qxb2+ 21. Kd1
Qxa1+ 22. Nb1 Qb2 0-1

[Event "GBR-ch blitz (Women)"]
[Site "Birmingham"]
[Date "2019.11.16"]
[Round "1"]
[White "Norinkeviciute, Rasa"]
[Black "Arora, Prachi"]
[Result "1-0"]
[WhiteElo "1946"]
[BlackElo "1577"]
[PlyCount "37"]
[EventDate "2019.11.16"]
[EventType "tourn (blitz)"]
[EventRounds "15"]
[EventCountry "ENG"]
[SourceTitle "BritBase"]
[Source "John Saunders"]
[SourceDate "2024.03.28"]
[SourceVersion "1"]
[SourceVersionDate "2024.03.28"]
[SourceQuality "1"]

1. c4 e5 2. g3 Nc6 3. Bg2 Nf6 4. Nc3 Bc5 5. e3 O-O 6. a3 d6 7. b4 Bb6 8. Nge2
a5 9. Rb1 axb4 10. axb4 Bf5 11. d3 Qe7 12. h3 Rfe8 13. O-O e4 14. d4 h6 15. Kh2
g5 16. Qc2 d5 17. c5 Ba7 18. Qb3 g4 19. h4 1-0

[Event "GBR-ch blitz (Women)"]
[Site "Birmingham"]
[Date "2019.11.16"]
[Round "1"]
[White "Sheikh, Samia Zannat"]
[Black "Mirza, Diana"]
[Result "0-1"]
[WhiteElo "1595"]
[BlackElo "1772"]
[PlyCount "58"]
[EventDate "2019.11.16"]
[EventType "tourn (blitz)"]
[EventRounds "15"]
[EventCountry "ENG"]
[SourceTitle "BritBase"]
[Source "John Saunders"]
[SourceDate "2024.03.28"]
[SourceVersion "1"]
[SourceVersionDate "2024.03.28"]
[SourceQuality "1"]

1. d4 d6 2. c4 e5 3. e3 Nd7 4. Nc3 f5 5. Nf3 Ngf6 6. h3 g6 7. Be2 Bg7 8. O-O
O-O 9. Qc2 e4 10. Nd2 b6 11. b3 Bb7 12. Bb2 Qe7 13. Ba3 g5 14. Rfe1 Kh8 15.
Rad1 Qf7 16. Nb5 Rac8 17. Nxc7 Rxc7 18. Bxd6 Rcc8 19. Bxf8 Rxf8 20. f3 f4 21.
exf4 exf3 22. Bxf3 Bxf3 23. Nxf3 gxf4 24. Ng5 Qh5 25. Ne6 Rg8 26. Qe2 Qf5 27.
Nxg7 Rxg7 28. Qf3 Rg3 29. Qa8+ Ng8 0-1

[Event "GBR-ch blitz (Women)"]
[Site "Birmingham"]
[Date "2019.11.16"]
[Round "1"]
[White "Smith, Madeleine"]
[Black "Raghavendra, Mahima"]
[Result "1-0"]
[WhiteElo "1354"]
[BlackElo "1486"]
[PlyCount "51"]
[EventDate "2019.11.16"]
[EventType "tourn (blitz)"]
[EventRounds "15"]
[EventCountry "ENG"]
[SourceTitle "BritBase"]
[Source "John Saunders"]
[SourceDate "2024.03.28"]
[SourceVersion "1"]
[SourceVersionDate "2024.03.28"]
[SourceQuality "1"]

1. e4 c5 2. c3 g6 3. d4 cxd4 4. cxd4 Bg7 5. Nf3 Nf6 6. e5 Nd5 7. Nc3 Nxc3 8.
bxc3 d6 9. Bf4 dxe5 10. Bxe5 f6 11. Bxb8 Rxb8 12. Bc4 b5 13. Bb3 Qc7 14. Qd2
Bd7 15. O-O a5 16. Rfe1 a4 17. Bc2 e6 18. d5 e5 19. Nd4 O-O 20. Ne6 Bxe6 21.
dxe6 Rfe8 22. Qd7 Qxc3 23. Be4 Red8 24. Qf7+ Kh8 25. e7 Re8 26. Rac1 1-0

[Event "GBR-ch blitz (Women)"]
[Site "Birmingham"]
[Date "2019.11.16"]
[Round "1"]
[White "Somton, Anita"]
[Black "Posadas, Rayelynn"]
[Result "1-0"]
[WhiteElo "1593"]
[BlackElo "1815"]
[PlyCount "149"]
[EventDate "2019.11.16"]
[EventType "tourn (blitz)"]
[EventRounds "15"]
[EventCountry "ENG"]
[SourceTitle "BritBase"]
[Source "John Saunders"]
[SourceDate "2024.03.28"]
[SourceVersion "1"]
[SourceVersionDate "2024.03.28"]
[SourceQuality "1"]

1. d4 d5 2. Nf3 c6 3. c4 e6 4. g3 Nf6 5. Bg2 Nbd7 6. O-O Be7 7. Qc2 O-O 8. b3
b6 9. Bb2 Bb7 10. Nbd2 h6 11. e4 dxe4 12. Nxe4 Qc7 13. Nxf6+ Nxf6 14. Rfe1 Bb4
15. Re2 Rad8 16. a3 Be7 17. Rae1 Rd7 18. Ne5 Rdd8 19. b4 Bd6 20. f4 Bxe5 21.
fxe5 Nh7 22. Rf2 Rd7 23. h4 Rfd8 24. Be4 Nf8 25. Ref1 c5 26. dxc5 bxc5 27. b5
Bxe4 28. Qxe4 Ng6 29. Bc3 Rf8 30. a4 Ne7 31. g4 Ng6 32. h5 Ne7 33. a5 Nc8 34.
Rb1 Qd8 35. b6 axb6 36. axb6 Nxb6 37. Ba5 Rd1+ 38. Rxd1 Qxd1+ 39. Rf1 Qb3 40.
Rf4 Rd8 41. Bxb6 Qxb6 42. Kg2 Rd2+ 43. Rf2 Rxf2+ 44. Kxf2 Qd8 45. Qe3 Qc7 46.
Kg3 Kf8 47. Qe4 Ke7 48. Kf4 Qb6 49. g5 Qc7 50. g6 Qd7 51. gxf7 Kxf7 52. Qg6+
Kg8 53. Qe4 Qf7+ 54. Kg4 Qe7 55. Qa8+ Kf7 56. Qf3+ Kg8 57. Qa8+ Kh7 58. Qe4+
Kg8 59. Qa8+ Qf8 60. Qe4 Qe7 61. Qa8+ Kf7 62. Qf3+ Ke8 63. Qc6+ Kf8 64. Qf3+
Qf7 65. Qa8+ Qe8 66. Qf3+ Ke7 67. Qb7+ Qd7 68. Qe4 Qd1+ 69. Kh4 Qd4 70. Qxd4
cxd4 71. Kg4 Kd7 72. Kf4 Kc6 73. Ke4 Kc5 74. Kd3 Kc6 75. Kxd4 1-0

[Event "GBR-ch blitz (Women)"]
[Site "Birmingham"]
[Date "2019.11.16"]
[Round "2"]
[White "Jina, Asha"]
[Black "Gamal, Alaa"]
[Result "1-0"]
[WhiteElo "1510"]
[BlackElo "1709"]
[PlyCount "85"]
[EventDate "2019.11.16"]
[EventType "tourn (blitz)"]
[EventRounds "15"]
[EventCountry "ENG"]
[SourceTitle "BritBase"]
[Source "John Saunders"]
[SourceDate "2024.03.28"]
[SourceVersion "1"]
[SourceVersionDate "2024.03.28"]
[SourceQuality "1"]

1. Nf3 c5 2. g3 g6 3. Bg2 Bg7 4. O-O Nc6 5. c4 e6 6. Nc3 Nge7 7. d3 O-O 8. Bd2
d5 9. e3 a6 10. cxd5 exd5 11. Ne2 Bxb2 12. Rb1 Bg7 13. Qc2 b6 14. a4 Qd6 15.
Rxb6 Rb8 16. Rxb8 Nxb8 17. Bc3 Nbc6 18. Bxg7 Kxg7 19. Rc1 Nb4 20. Qxc5 Qxc5 21.
Rxc5 Nxd3 22. Ned4 Be6 23. Nxe6+ fxe6 24. Rc7 Rf7 25. Ng5 Rxf2 26. Rxe7+ Kf6
27. Rf7+ Kxg5 28. Rxf2 Nxf2 29. Kxf2 Kf5 30. Kf3 h5 31. a5 g5 32. Bf1 e5 33.
Bxa6 h4 34. Bc8+ Kf6 35. gxh4 gxh4 36. a6 d4 37. exd4 exd4 38. Ke4 Ke7 39. a7
Kd8 40. a8=Q Kc7 41. Qb7+ Kd6 42. Kxd4 h3 43. Qd7# 1-0

[Event "GBR-ch blitz (Women)"]
[Site "Birmingham"]
[Date "2019.11.16"]
[Round "2"]
[White "Mirza, Diana"]
[Black "Norinkeviciute, Rasa"]
[Result "1-0"]
[WhiteElo "1772"]
[BlackElo "1946"]
[PlyCount "85"]
[EventDate "2019.11.16"]
[EventType "tourn (blitz)"]
[EventRounds "15"]
[EventCountry "ENG"]
[SourceTitle "BritBase"]
[Source "John Saunders"]
[SourceDate "2024.03.28"]
[SourceVersion "1"]
[SourceVersionDate "2024.03.28"]
[SourceQuality "1"]

1. d4 d6 2. e4 Nd7 3. f3 Ngf6 4. Be3 e5 5. Bc4 c6 6. Ne2 Be7 7. O-O h6 8. a3
Qc7 9. Nbc3 Nf8 10. dxe5 dxe5 11. Ng3 g6 12. Kh1 Ne6 13. Bxe6 Bxe6 14. f4 Ng4
15. Bg1 exf4 16. Nge2 g5 17. Qd4 Bf6 18. Qb4 a5 19. Qc5 Be7 20. Qd4 Bf6 21. Qc5
Rb8 22. h3 Ne5 23. Nd4 Bd7 24. Ndb5 Qd8 25. Nd6+ Ke7 26. Nxb7+ Ke6 27. Nxd8+
Bxd8 28. Rad1 Bc7 29. Ne2 Kf6 30. g3 Rbd8 31. gxf4 gxf4 32. Rxf4+ Kg7 33. Qe7
Rhf8 34. Bd4 Rfe8 35. Bxe5+ Bxe5 36. Rg1+ Kh8 37. Qh4 Bg7 38. Rxf7 Rg8 39. Qe7
Bxh3 40. Rgxg7 Rd1+ 41. Kh2 Rxg7 42. Qf8+ Kh7 43. Qxg7# 1-0

[Event "GBR-ch blitz (Women)"]
[Site "Birmingham"]
[Date "2019.11.16"]
[Round "2"]
[White "Orlovska, Madara"]
[Black "Arakhamia-Grant, Ketevan"]
[Result "0-1"]
[WhiteElo "2094"]
[BlackElo "2218"]
[PlyCount "46"]
[EventDate "2019.11.16"]
[EventType "tourn (blitz)"]
[EventRounds "15"]
[EventCountry "ENG"]
[SourceTitle "BritBase"]
[Source "John Saunders"]
[SourceDate "2024.03.28"]
[SourceVersion "1"]
[SourceVersionDate "2024.03.28"]
[SourceQuality "1"]

1. e4 c5 2. Nf3 Nc6 3. d4 cxd4 4. Nxd4 e5 5. Nb5 d6 6. N1c3 a6 7. Na3 Be7 8.
Nd5 Nf6 9. Nxf6+ Bxf6 10. c3 O-O 11. Nc2 Be6 12. Ne3 Bg5 13. h4 Bxe3 14. Bxe3
d5 15. Bc5 Re8 16. Qf3 dxe4 17. Qxe4 Bd5 18. Qf5 Be6 19. Qe4 f5 20. Qd3 Qa5 21.
b4 Qa3 22. c4 Qb3 23. Qc3 Qxc3+ 0-1

[Event "GBR-ch blitz (Women)"]
[Site "Birmingham"]
[Date "2019.11.16"]
[Round "2"]
[White "Raghavendra, Mahima"]
[Black "Milewska, Agnieszka"]
[Result "0-1"]
[WhiteElo "1486"]
[BlackElo "1677"]
[PlyCount "95"]
[EventDate "2019.11.16"]
[EventType "tourn (blitz)"]
[EventRounds "15"]
[EventCountry "ENG"]
[SourceTitle "BritBase"]
[Source "John Saunders"]
[SourceDate "2024.03.28"]
[SourceVersion "1"]
[SourceVersionDate "2024.03.28"]
[SourceQuality "1"]

1. e4 e5 2. Nf3 Nc6 3. Nc3 Nf6 4. d4 exd4 5. Nxd4 Nxd4 6. Qxd4 d6 7. Bc4 Be7 8.
O-O O-O 9. Re1 Bg4 10. h3 Bh5 11. Nd5 Bg6 12. Nf4 c5 13. Qd3 Nd7 14. Nxg6 hxg6
15. Qg3 Ne5 16. Be2 Bh4 17. Qe3 Bf6 18. c3 a6 19. f4 Nc6 20. Qd3 Re8 21. Bg4 b5
22. Bf3 Rc8 23. a3 Bh4 24. Re3 Qb6 25. Kh2 Ne7 26. g3 Bf6 27. Re2 Rcd8 28. Be3
Qc7 29. Bf2 c4 30. Qd2 Nc6 31. Rd1 Be7 32. Qd5 Na5 33. Ree1 Nb3 34. Re2 Rb8 35.
Rde1 a5 36. e5 dxe5 37. fxe5 Red8 38. Qe4 Rd3 39. Re3 Rbd8 40. Rxd3 cxd3 41.
Rd1 d2 42. Be3 Qd7 43. Bg4 Qc7 44. Bf4 g5 45. Be3 Bc5 46. Bxg5 Re8 47. Bf4 g5
48. Bxg5 0-1

[Event "GBR-ch blitz (Women)"]
[Site "Birmingham"]
[Date "2019.11.16"]
[Round "2"]
[White "Somton, Anita"]
[Black "Head, Louise"]
[Result "1-0"]
[WhiteElo "1593"]
[BlackElo "1844"]
[PlyCount "145"]
[EventDate "2019.11.16"]
[EventType "tourn (blitz)"]
[EventRounds "15"]
[EventCountry "ENG"]
[SourceTitle "BritBase"]
[Source "John Saunders"]
[SourceDate "2024.03.28"]
[SourceVersion "1"]
[SourceVersionDate "2024.03.28"]
[SourceQuality "1"]

1. d4 d5 2. Nf3 Nf6 3. c4 dxc4 4. g3 c5 5. Bg2 e6 6. O-O Nc6 7. Qa4 cxd4 8.
Qxc4 Qb6 9. b3 Bd6 10. Bb2 e5 11. Ng5 O-O 12. Nd2 h6 13. Nge4 Nxe4 14. Nxe4 Be6
15. Qc1 Bc7 16. Ba3 Rfd8 17. Nc5 Bd5 18. e4 dxe3 19. Qxe3 Bxg2 20. Kxg2 Nd4 21.
Rac1 Qc6+ 22. f3 Qd5 23. Ne4 Bb6 24. Qe1 Rac8 25. Nc3 Qe6 26. Qe4 f5 27. Qxb7
Rc7 28. Qa6 Qf7 29. Kh1 Re8 30. Qd3 Rd7 31. Qc4 Qxc4 32. bxc4 Rc8 33. Nd5 Bc5
34. Bb2 Bd6 35. Kg2 Rb7 36. Rf2 Rcb8 37. Bc3 Bc5 38. Rd2 Ne6 39. Bxe5 Rc8 40.
Re1 Re8 41. Bc3 Kf7 42. Kf1 Rd7 43. Rde2 Nc7 44. Nxc7 Rxe2 45. Rxe2 Rxc7 46.
Re5 g6 47. g4 fxg4 48. fxg4 Bd6 49. Re2 Rxc4 50. Bd2 Rxg4 51. Bxh6 Be5 52. Rxe5
Ra4 53. Re2 Ra5 54. Be3 Kf6 55. Kg2 g5 56. Kg3 Kf5 57. Rf2+ Ke4 58. Bc1 Rc5 59.
Ba3 Rc3+ 60. Kg4 Rxa3 61. Kxg5 Ra5+ 62. Kg4 Ra6 63. h4 Rg6+ 64. Kh3 Rg8 65. h5
Ke3 66. Rf1 Ke2 67. Rf7 a5 68. h6 Rg6 69. Rh7 Kd3 70. Rh8 Kc3 71. h7 Rh6+ 72.
Kg4 Kb2 73. Rb8+ 1-0

[Event "GBR-ch blitz (Women)"]
[Site "Birmingham"]
[Date "2019.11.16"]
[Round "2"]
[White "Supatan, Dawn"]
[Black "Sheikh, Samia Zannat"]
[Result "0-1"]
[WhiteElo "1596"]
[BlackElo "1595"]
[PlyCount "142"]
[EventDate "2019.11.16"]
[EventType "tourn (blitz)"]
[EventRounds "15"]
[EventCountry "ENG"]
[SourceTitle "BritBase"]
[Source "John Saunders"]
[SourceDate "2024.03.28"]
[SourceVersion "1"]
[SourceVersionDate "2024.03.28"]
[SourceQuality "1"]

1. e4 c5 2. Nf3 g6 3. c3 Bg7 4. d4 cxd4 5. cxd4 d6 6. Nc3 Nf6 7. Bd3 Bg4 8. Bg5
Nbd7 9. O-O O-O 10. h3 Bxf3 11. Qxf3 Rc8 12. Rfe1 e5 13. d5 Nc5 14. Qe3 a6 15.
Bf1 Qd7 16. Qf3 Qd8 17. Qe3 b5 18. a3 Nb7 19. Rac1 Qd7 20. Qf3 Ne8 21. Bd3 f5
22. exf5 gxf5 23. Qh5 Qf7 24. Qxf7+ Rxf7 25. Bd2 Nc5 26. Bc2 Nf6 27. Bxf5 Rcc7
28. Be6 Nxe6 29. dxe6 Rf8 30. Ne4 Rxc1 31. Nxf6+ Bxf6 32. Rxc1 Re8 33. Rc6 Rxe6
34. Rxa6 e4 35. b4 Bb2 36. Be3 Kf7 37. Ra7+ Kg6 38. Kh2 Be5+ 39. g3 d5 40. Ra5
Bb2 41. Rxb5 Bxa3 42. Rxd5 Bxb4 43. Rg5+ Kf7 44. h4 Be1 45. Kg2 h6 46. Rf5+ Kg7
47. Rh5 Ra6 48. Bxh6+ Rxh6 49. Rg5+ Kf7 50. Kf1 Bd2 51. Rf5+ Ke6 52. Rb5 Rh7
53. Kg2 e3 54. fxe3 Bxe3 55. Rb1 Kd5 56. Rd1+ Ke4 57. Re1 Rf7 58. Kh3 Kd3 59.
g4 Rf3+ 60. Kg2 Rf2+ 61. Kg3 Ra2 62. Rd1+ Ke2 63. Rh1 Ra4 64. Rh2+ Kd3 65. h5
Bf4+ 66. Kh3 Bxh2 67. Kxh2 Rxg4 68. Kh3 Rg7 69. Kh4 Ke4 70. h6 Rh7 71. Kh5 Kf5
0-1

[Event "GBR-ch blitz (Women)"]
[Site "Birmingham"]
[Date "2019.11.16"]
[Round "2"]
[White "Toma, Katarzyna"]
[Black "Smith, Madeleine"]
[Result "1-0"]
[WhiteElo "2210"]
[BlackElo "1354"]
[PlyCount "111"]
[EventDate "2019.11.16"]
[EventType "tourn (blitz)"]
[EventRounds "15"]
[EventCountry "ENG"]
[SourceTitle "BritBase"]
[Source "John Saunders"]
[SourceDate "2024.03.28"]
[SourceVersion "1"]
[SourceVersionDate "2024.03.28"]
[SourceQuality "1"]

1. e4 e5 2. Nf3 Nc6 3. Bb5 f5 4. exf5 Nf6 5. d4 e4 6. Ne5 a6 7. Bc4 d5 8. Be2
Bxf5 9. Nxc6 bxc6 10. Nc3 Bb4 11. h3 O-O 12. Be3 Qd6 13. Qd2 c5 14. a3 cxd4 15.
Bxd4 Ba5 16. b4 Bb6 17. O-O c5 18. bxc5 Bxc5 19. Na4 Ba7 20. Bxa7 Rxa7 21. c4
d4 22. c5 Qd5 23. Rfc1 d3 24. Bd1 Bd7 25. Nb6 Qc6 26. Bb3+ Kh8 27. Ba4 Qe6 28.
Nxd7 Rxd7 29. Bxd7 Qxd7 30. c6 Qc7 31. Rab1 Nd5 32. Rb7 Qc8 33. Qg5 Nc7 34. Qe7
Qf5 35. Rxc7 Qxf2+ 36. Kh1 Rg8 37. Qxe4 d2 38. Rd1 Rf8 39. Qd3 Qf4 40. Rd7 Qa4
41. Qxd2 Qxc6 42. Rd8 Qf6 43. Rxf8+ Qxf8 44. Qd8 Kg8 45. Qxf8+ Kxf8 46. Rd6 Kf7
47. Rxa6 g6 48. Rb6 Kg7 49. a4 Kh6 50. a5 Kh5 51. a6 g5 52. a7 h6 53. a8=Q g4
54. Qe8+ Kh4 55. Rxh6+ Kg3 56. Qe3# 1-0

[Event "GBR-ch blitz (Women)"]
[Site "Birmingham"]
[Date "2019.11.16"]
[Round "3"]
[White "Arakhamia-Grant, Ketevan"]
[Black "Raghavendra, Mahima"]
[Result "1-0"]
[WhiteElo "2218"]
[BlackElo "1486"]
[PlyCount "89"]
[EventDate "2019.11.16"]
[EventType "tourn (blitz)"]
[EventRounds "15"]
[EventCountry "ENG"]
[SourceTitle "BritBase"]
[Source "John Saunders"]
[SourceDate "2024.03.28"]
[SourceVersion "1"]
[SourceVersionDate "2024.03.28"]
[SourceQuality "1"]

1. e4 e6 2. d4 d5 3. Nc3 Nf6 4. e5 Nfd7 5. f4 c5 6. Nf3 Nc6 7. Be3 Be7 8. Qd2
a6 9. Be2 Qc7 10. O-O b6 11. Nd1 cxd4 12. Nxd4 Nxd4 13. Bxd4 f6 14. Nf2 Bb7 15.
Nd3 O-O-O 16. c3 Kb8 17. a4 h6 18. b4 g5 19. exf6 Bxf6 20. Qe3 Bxd4 21. cxd4
Qd6 22. Bg4 Rde8 23. Rae1 Nf8 24. Ne5 h5 25. Bd1 gxf4 26. Rxf4 Rh7 27. b5 a5
28. Ref1 Nd7 29. Nd3 h4 30. Bc2 Rhh8 31. Rf7 h3 32. g3 Ref8 33. Bd1 Rxf7 34.
Rxf7 Rf8 35. Rxf8+ Nxf8 36. Bg4 Bc8 37. Bxh3 Qa3 38. Qf4+ Kb7 39. Ne5 Qa1+ 40.
Bf1 Nd7 41. Nc6 Qxa4 42. Nd8+ Ka8 43. Nxe6 Qc2 44. Qd6 Qc4 45. Bxc4 1-0

[Event "GBR-ch blitz (Women)"]
[Site "Birmingham"]
[Date "2019.11.16"]
[Round "3"]
[White "Arora, Prachi"]
[Black "Mirza, Diana"]
[Result "0-1"]
[WhiteElo "1577"]
[BlackElo "1772"]
[PlyCount "42"]
[EventDate "2019.11.16"]
[EventType "tourn (blitz)"]
[EventRounds "15"]
[EventCountry "ENG"]
[SourceTitle "BritBase"]
[Source "John Saunders"]
[SourceDate "2024.03.28"]
[SourceVersion "1"]
[SourceVersionDate "2024.03.28"]
[SourceQuality "1"]

1. e4 c5 2. Nf3 e6 3. Nc3 Nc6 4. Bc4 a6 5. O-O b5 6. Be2 Qc7 7. d4 cxd4 8. Nxd4
Nf6 9. Nxc6 Qxc6 10. Bf3 Bb7 11. e5 Nd5 12. Nxd5 exd5 13. Re1 Bc5 14. Bf4 O-O
15. b3 Qb6 16. Re2 d4 17. Bxb7 Qxb7 18. Qd2 Rfe8 19. Rae1 Re6 20. a3 Rg6 21. b4
Qxg2# 0-1

[Event "GBR-ch blitz (Women)"]
[Site "Birmingham"]
[Date "2019.11.16"]
[Round "3"]
[White "Gamal, Alaa"]
[Black "Orlovska, Madara"]
[Result "0-1"]
[WhiteElo "1709"]
[BlackElo "2094"]
[PlyCount "157"]
[EventDate "2019.11.16"]
[EventType "tourn (blitz)"]
[EventRounds "15"]
[EventCountry "ENG"]
[SourceTitle "BritBase"]
[Source "John Saunders"]
[SourceDate "2024.03.28"]
[SourceVersion "1"]
[SourceVersionDate "2024.03.28"]
[SourceQuality "1"]

1. c4 Nf6 2. g3 g6 3. Bg2 Bg7 4. Nc3 d6 5. e3 O-O 6. Nge2 c5 7. O-O Nc6 8. d4
Bd7 9. b3 Rb8 10. Bb2 a6 11. Nd5 b5 12. Nxf6+ Bxf6 13. cxb5 axb5 14. Rc1 Qb6
15. dxc5 Qa6 16. Bxf6 exf6 17. Qxd6 Rfd8 18. Qxf6 Qxa2 19. Bxc6 Bxc6 20. Qxc6
Qxe2 21. b4 h5 22. Rfe1 Qg4 23. Qc7 Qxb4 24. Rb1 Qc4 25. Red1 Rdc8 26. Qa7 Qxc5
27. Qa6 Rb6 28. Qa7 Qc7 29. Qa5 Qc6 30. Rbc1 Qxc1 31. Rxc1 Rxc1+ 32. Kg2 Rcc6
33. Qa8+ Kg7 34. e4 b4 35. Qa2 b3 36. Qb2+ Kh7 37. e5 Rc2 38. Qd4 Rcc6 39. Qb2
Kg8 40. Kf3 Kf8 41. Kf4 Ke7 42. Kg5 Rb5 43. Kh6 Ke6 44. Kg7 Rc2 45. Qd4 b2 46.
Qd6+ Kf5 47. Qf6+ Ke4 48. Qf4+ Kd3 49. Qe3+ Kc4 50. Qe4+ Kb3 51. Qe3+ Rc3 52.
Qe1 Rc1 53. Qe3+ Ka2 54. Qa7+ Kb3 55. Qxf7+ Rc4 56. e6 b1=Q 57. e7 Qb2+ 58. Kh6
Qd2+ 59. Kg7 Qd4+ 60. Kh6 Rb7 61. e8=Q Rxf7 62. Qxf7 Qd2+ 63. Kh7 Qd4 64. Qb7+
Rb4 65. Qf3+ Qc3 66. Qf7+ Qc4 67. Qf3+ Qc3 68. Qf7+ Kb2 69. Qf4 Rb7+ 70. Kh6
Qg7+ 71. Kg5 Rb5+ 72. Kh4 Ka3 73. Qe3+ Rb3 74. Qc1+ Ka4 75. Qc4+ Rb4 76. Qxb4+
Kxb4 77. Kh3 Kc4 78. Kg2 Kd4 79. Kh3 0-1

[Event "GBR-ch blitz (Women)"]
[Site "Birmingham"]
[Date "2019.11.16"]
[Round "3"]
[White "Head, Louise"]
[Black "Posadas, Rayelynn"]
[Result "1-0"]
[WhiteElo "1844"]
[BlackElo "1815"]
[PlyCount "56"]
[EventDate "2019.11.16"]
[EventType "tourn (blitz)"]
[EventRounds "15"]
[EventCountry "ENG"]
[SourceTitle "BritBase"]
[Source "John Saunders"]
[SourceDate "2024.03.28"]
[SourceVersion "1"]
[SourceVersionDate "2024.03.28"]
[SourceQuality "1"]

1. d4 g6 2. c4 Bg7 3. Nf3 Nf6 4. Nc3 d6 5. e4 Nbd7 6. Be2 c6 7. h3 O-O 8. Be3
e5 9. d5 c5 10. O-O a6 11. a3 b6 12. b4 Bb7 13. Nd2 Ne8 14. Rc1 Rc8 15. Qb3 Qc7
16. a4 Ba8 17. Ra1 cxb4 18. Qxb4 Nc5 19. Rfb1 Rb8 20. a5 Qd7 21. axb6 Bb7 22.
Bxc5 dxc5 23. Qxc5 Nd6 24. Qb4 Rfc8 25. c5 Bf8 26. cxd6 Bxd6 27. Qa4 Qe7 28.
Nd1 Bc5 1-0

[Event "GBR-ch blitz (Women)"]
[Site "Birmingham"]
[Date "2019.11.16"]
[Round "3"]
[White "Milewska, Agnieszka"]
[Black "Toma, Katarzyna"]
[Result "0-1"]
[WhiteElo "1677"]
[BlackElo "2210"]
[PlyCount "109"]
[EventDate "2019.11.16"]
[EventType "tourn (blitz)"]
[EventRounds "15"]
[EventCountry "ENG"]
[SourceTitle "BritBase"]
[Source "John Saunders"]
[SourceDate "2024.03.28"]
[SourceVersion "1"]
[SourceVersionDate "2024.03.28"]
[SourceQuality "1"]

1. d4 Nf6 2. c4 g6 3. Nc3 d5 4. e3 Bg7 5. Nf3 O-O 6. b3 c5 7. Bb2 dxc4 8. Bxc4
cxd4 9. exd4 Nc6 10. O-O Bg4 11. d5 Ne5 12. Be2 Nxf3+ 13. Bxf3 Bxf3 14. Qxf3
Qd7 15. Rfe1 Rad8 16. Rad1 Rfe8 17. h3 b5 18. a3 a5 19. d6 exd6 20. Rxe8+ Nxe8
21. Qd3 b4 22. axb4 axb4 23. Na4 Bxb2 24. Nxb2 d5 25. Na4 Qd6 26. Qb5 Nc7 27.
Qd3 Ne6 28. Qd2 d4 29. Nb2 h5 30. Nd3 Rb8 31. Rc1 Qd5 32. Rc4 Ra8 33. Nxb4 Ra1+
34. Kh2 Qd6+ 35. g3 h4 36. Nd3 Qd5 37. Nc1 hxg3+ 38. fxg3 Qe4 39. Rc8+ Kh7 40.
Rc2 Kg7 41. Qg2 Qe3 42. Qd2 Qe5 43. Kg2 Ng5 44. h4 Ne4 45. Qe2 Qxg3+ 46. Kf1
Qf4+ 47. Ke1 Rxc1+ 48. Rxc1 Qxc1+ 49. Qd1 Qxd1+ 50. Kxd1 d3 51. b4 Kf6 52. b5
Ke7 53. Kc1 Kd7 54. Kb2 Kc7 55. Kc1 0-1

[Event "GBR-ch blitz (Women)"]
[Site "Birmingham"]
[Date "2019.11.16"]
[Round "3"]
[White "Norinkeviciute, Rasa"]
[Black "Supatan, Dawn"]
[Result "1-0"]
[WhiteElo "1946"]
[BlackElo "1596"]
[PlyCount "45"]
[EventDate "2019.11.16"]
[EventType "tourn (blitz)"]
[EventRounds "15"]
[EventCountry "ENG"]
[SourceTitle "BritBase"]
[Source "John Saunders"]
[SourceDate "2024.03.28"]
[SourceVersion "1"]
[SourceVersionDate "2024.03.28"]
[SourceQuality "1"]

1. c4 e5 2. g3 Nf6 3. Bg2 Bc5 4. e3 Nc6 5. Nc3 d6 6. a3 a6 7. Nge2 Ba7 8. h3
O-O 9. O-O Be6 10. d3 Qd7 11. Kh2 d5 12. cxd5 Nxd5 13. Qc2 Rad8 14. Ne4 Qe7 15.
b4 f6 16. N2c3 Nxc3 17. Qxc3 Bd5 18. Bb2 Qe6 19. Rad1 Bxe4 20. Bxe4 Rfe8 21.
Rd2 f5 22. Bg2 e4 23. Qxg7# 1-0

[Event "GBR-ch blitz (Women)"]
[Site "Birmingham"]
[Date "2019.11.16"]
[Round "3"]
[White "Sheikh, Samia Zannat"]
[Black "Jina, Asha"]
[Result "1-0"]
[WhiteElo "1595"]
[BlackElo "1510"]
[PlyCount "93"]
[EventDate "2019.11.16"]
[EventType "tourn (blitz)"]
[EventRounds "15"]
[EventCountry "ENG"]
[SourceTitle "BritBase"]
[Source "John Saunders"]
[SourceDate "2024.03.28"]
[SourceVersion "1"]
[SourceVersionDate "2024.03.28"]
[SourceQuality "1"]

1. d4 Nf6 2. c4 d6 3. Nc3 g6 4. Nf3 Bg7 5. Bg5 O-O 6. e3 Nc6 7. Be2 e5 8. O-O
a6 9. Nd5 h6 10. Nxf6+ Bxf6 11. Bxh6 Re8 12. dxe5 Nxe5 13. Nxe5 Bxe5 14. Bf4
Bxb2 15. Rb1 Bg7 16. h3 Bf5 17. Bd3 Bxd3 18. Qxd3 Rb8 19. Rfd1 Qd7 20. Qd5 Qc6
21. Qxc6 bxc6 22. Rxb8 Rxb8 23. Rd2 Rb4 24. Rc2 Rb1+ 25. Kh2 Ra1 26. c5 d5 27.
Bxc7 Rb1 28. Bd6 Rb5 29. a4 Rb4 30. Ra2 f5 31. Bc7 Rc4 32. Bb6 Bf8 33. Rb2 Rxa4
34. Kg3 Rc4 35. Ra2 Bxc5 36. Bc7 Be7 37. Rxa6 Rc2 38. Bf4 Kf7 39. Ra7 Ke6 40.
Kf3 c5 41. Ra6+ Kd7 42. Rxg6 c4 43. Ra6 c3 44. Ra7+ Ke8 45. Rc7 Rc1 46. Be5 c2
47. g4 1-0

[Event "GBR-ch blitz (Women)"]
[Site "Birmingham"]
[Date "2019.11.16"]
[Round "3"]
[White "Smith, Madeleine"]
[Black "Somton, Anita"]
[Result "0-1"]
[WhiteElo "1354"]
[BlackElo "1593"]
[PlyCount "102"]
[EventDate "2019.11.16"]
[EventType "tourn (blitz)"]
[EventRounds "15"]
[EventCountry "ENG"]
[SourceTitle "BritBase"]
[Source "John Saunders"]
[SourceDate "2024.03.28"]
[SourceVersion "1"]
[SourceVersionDate "2024.03.28"]
[SourceQuality "1"]

1. e4 c6 2. d4 d5 3. exd5 cxd5 4. c4 Nf6 5. Nc3 Nc6 6. cxd5 Nxd5 7. Bc4 e6 8.
Bxd5 exd5 9. Nf3 Be7 10. O-O O-O 11. h3 Bf6 12. Be3 b6 13. Rc1 Ba6 14. Re1 Rc8
15. Qd2 Nb4 16. Red1 Re8 17. Bg5 Bxg5 18. Nxg5 h6 19. Nf3 Qf6 20. Ne5 Qd6 21.
Qf4 f6 22. Ng6 Qd7 23. Qf3 Qf7 24. Nf4 Rcd8 25. a3 Nc6 26. Ncxd5 Bb7 27. Qg3
Kh7 28. h4 Nb8 29. Ne3 Nd7 30. h5 f5 31. Ng6 Be4 32. Nc4 Re6 33. Nce5 Nxe5 34.
Nxe5 Qxh5 35. f3 Bd5 36. Rc7 Qg5 37. Qf2 Re7 38. Rxe7 Qxe7 39. Qg3 g5 40. f4 g4
41. Qf2 Be4 42. Qd2 Qd6 43. Qc3 Qe7 44. Nc6 Bxc6 45. Qxc6 Qe3+ 46. Kh1 Rxd4 47.
Qc7+ Kg6 48. Rc1 Qxf4 49. Rc6+ Kh5 50. Qf7+ Kh4 51. Rc2 Rd1# 0-1